[Event "BL 2324 Schachfreunde Deizisau - SV Mül"]
[Site "?"]
[Date "2023.10.21"]
[Round "1.5"]
[White "Buckels, Valentin"]
[Black "Zilka, Stepan"]
[Result "1/2-1/2"]
[WhiteElo "2429"]
[BlackElo "2599"]
[PlyCount "62"]
[EventDate "2023.??.??"]

1. d4 d5 2. Nf3 Nf6 3. Bf4 Bf5 4. e3 c6 5. Bd3 Bxd3 6. Qxd3 e6 7. Nbd2 Nbd7 8. h3 Be7 9. O-O O-O 10. Bh2 c5 11. a4 c4 12. Qe2 Qb6 13. Rfb1 Qc6 14. c3 Bd6 15. Bxd6 Qxd6 16. b3 cxb3 17. Rxb3 b6 18. a5 h6 19. Qa6 Rac8 20. axb6 Nxb6 21. Ne5 Rc7 22. Qa3 Qxa3 23. Rbxa3 Ra8 24. Kf1 Ne4 25. Nxe4 dxe4 26. Ra6 Rac8 27. Rxa7 f6 28. Ng6 Nd5 29. c4 Rxc4 30. Ne7+ Nxe7 31. Rxe7 Rc1+ 1/2-1/2

[Event "BL 2324 Schachfreunde Deizisau - SV Mül"]
[Site "?"]
[Date "2023.10.21"]
[Round "1.6"]
[White "Dautov, Rustem"]
[Black "Dinstuhl, Volkmar"]
[Result "1/2-1/2"]
[WhiteElo "2584"]
[BlackElo "2380"]
[PlyCount "45"]
[EventDate "2023.??.??"]

1. d4 d5 2. c4 dxc4 3. Nf3 Nf6 4. e3 e6 5. Bxc4 a6 6. O-O c5 7. dxc5 Bxc5 8. Qxd8+ Kxd8 9. Be2 Ke7 10. Nbd2 Nbd7 11. Nb3 Bd6 12. Nfd4 Nc5 13. Nxc5 Bxc5 14. Nb3 Bd6 15. Rd1 b6 16. Bf3 Rb8 17. Nd4 Bd7 18. Bd2 Rhc8 19. Rac1 Bc5 20. Nb3 Bd6 21. Nd4 Bc5 22. Nb3 Bd6 23. Nd4 1/2-1/2

[Event "BL 2324 Schachfreunde Deizisau - SV Mül"]
[Site "?"]
[Date "2023.10.21"]
[Round "1.7"]
[White "Gungl, Theo"]
[Black "Heimann, Andreas"]
[Result "1/2-1/2"]
[WhiteElo "2372"]
[BlackElo "2552"]
[PlyCount "115"]
[EventDate "2023.??.??"]

1. d4 Nf6 2. c4 e6 3. Nc3 Bb4 4. e3 O-O 5. Bd2 b6 6. Nf3 d5 7. cxd5 exd5 8. Bd3 Re8 9. O-O Bd6 10. Nb5 Bf8 11. Ne5 Ba6 12. Be1 c6 13. Nc3 Bxd3 14. Qxd3 Bb4 15. Ne2 Bd6 16. Bc3 Ne4 17. Ng3 Nxg3 18. hxg3 Bxe5 19. dxe5 Nd7 20. Rac1 Rc8 21. Qf5 Qe7 22. f4 Nc5 23. Bb4 Qd7 24. Qxd7 Nxd7 25. Rfd1 f6 26. e4 fxe5 27. exd5 c5 28. Bc3 exf4 29. gxf4 Re4 30. g3 Rce8 31. Rc2 Kf7 32. Kf2 h5 33. Rh1 g6 34. Rd2 Ke7 35. Kf3 Kd6 36. f5 b5 37. fxg6 b4 38. Bg7 R4e7 39. Bh6 Ne5+ 40. Kg2 Nxg6 41. Rxh5 Re5 42. Rxe5 Rxe5 43. Bf4 Nxf4+ 44. gxf4 Rxd5 45. Rxd5+ Kxd5 46. b3 Ke4 47. Kg3 a5 48. Kg4 c4 49. bxc4 a4 50. f5 Ke5 51. c5 b3 52. axb3 axb3 53. c6 Kd6 54. f6 b2 55. f7 Ke7 56. c7 b1=Q 57. f8=Q+ Kxf8 58. c8=Q+ 1/2-1/2

[Event "BL 2324 Schachfreunde Deizisau - SV Mül"]
[Site "?"]
[Date "2023.10.21"]
[Round "1.8"]
[White "Koellner, Ruben Gideon"]
[Black "Dordevic, Tom"]
[Result "1-0"]
[WhiteElo "2483"]
[BlackElo "1997"]
[PlyCount "87"]
[EventDate "2023.??.??"]

1. d4 d5 2. Nf3 Nf6 3. Bf4 e6 4. e3 Bd6 5. Ne5 O-O 6. Nd2 c5 7. c3 c4 8. g4 Qc7 9. g5 Nfd7 10. Nxd7 Nxd7 11. Bxd6 Qxd6 12. f4 b5 13. Bg2 Rb8 14. a3 a5 15. O-O f5 16. gxf6 Nxf6 17. Qf3 Bd7 18. Rae1 Bc6 19. Qh3 Ne4 20. Nxe4 dxe4 21. f5 exf5 22. Rxf5 Rxf5 23. Qxf5 Rf8 24. Qg4 Qg6 25. Qxg6 hxg6 26. Bh3 Rf6 27. Rd1 Bd5 28. Rf1 Rb6 29. Kf2 b4 30. axb4 axb4 31. Ra1 bxc3 32. bxc3 Kf7 33. Ra5 Bb7 34. Kg3 Kf6 35. Rc5 Rb2 36. Bg4 Rb1 37. h3 Rg1+ 38. Kf2 Rc1 39. Rxc4 Kg5 40. d5 Bxd5 41. Rc5 Kh4 42. Rxd5 Rxc3 43. Rd4 Rc2+ 44. Ke1 1-0

[Event "BL 2324 SK Doppelbauer Turm Kiel - OSG B"]
[Site "?"]
[Date "2023.10.21"]
[Round "1.1"]
[White "Rapport, Richard"]
[Black "Bjerre, Jonas Buhl"]
[Result "1/2-1/2"]
[WhiteElo "2752"]
[BlackElo "2637"]
[PlyCount "81"]
[EventDate "2023.??.??"]

1. e4 e5 2. Nf3 Nc6 3. Nc3 Nf6 4. g3 d5 5. exd5 Nxd5 6. Bg2 Nxc3 7. bxc3 Bc5 8. O-O O-O 9. Re1 Bg4 10. h3 Bh5 11. g4 Bg6 12. Nxe5 Nxe5 13. d4 f5 14. g5 f4 15. dxc5 Qxd1 16. Rxd1 Rae8 17. c4 Bxc2 18. Rd4 Nd3 19. Bd2 f3 20. Bf1 Nxc5 21. Rc1 Bg6 22. Be3 b6 23. Kh2 Rd8 24. Rxd8 Rxd8 25. Kg3 Be4 26. Re1 Nd3 27. Rd1 Rd6 28. Bxd3 Rxd3 29. Rxd3 Bxd3 30. c5 Be2 31. Bf4 bxc5 32. Bxc7 Kf7 33. Bd6 c4 34. Be5 g6 35. Kf4 Ke6 36. a4 Kd5 37. a5 a6 38. h4 Bd1 39. Bc3 Be2 40. Be5 Bd1 41. Bc3 1/2-1/2

[Event "BL 2324 SK Doppelbauer Turm Kiel - OSG B"]
[Site "?"]
[Date "2023.10.21"]
[Round "1.3"]
[White "Vitiugov, Nikita"]
[Black "Gumularz, Szymon"]
[Result "1-0"]
[WhiteElo "2711"]
[BlackElo "2581"]
[PlyCount "107"]
[EventDate "2023.??.??"]

1. e4 e5 2. Nf3 Nc6 3. Bb5 Nf6 4. d3 Bc5 5. c3 O-O 6. O-O d6 7. h3 Ne7 8. d4 Bb6 9. Bd3 Ng6 10. Nbd2 Re8 11. Re1 c6 12. Nf1 d5 13. Bg5 dxe4 14. Rxe4 Bf5 15. Re3 Bxd3 16. Qxd3 h6 17. Bxf6 Qxf6 18. Rae1 Bc7 19. N1h2 h5 20. Nxe5 Bxe5 21. Nf3 Rad8 22. Qc2 Rd5 23. c4 Bh2+ 24. Kxh2 Rxe3 25. Rxe3 Rd8 26. Qe2 Nf8 27. Re4 Ne6 28. Qe3 g6 29. b3 a6 30. g3 Kg7 31. Kg2 Rd6 32. h4 Rd7 33. a4 Rd6 34. a5 Rd7 35. Ne5 Rd8 36. b4 Qf5 37. Nf3 Qf6 38. Re5 Rd7 39. d5 cxd5 40. Rxd5 Rxd5 41. cxd5 Nc7 42. Qa7 Nxd5 43. Qxb7 Nc3 44. Ng5 Nb5 45. Ne4 Qd4 46. Nc5 Qxb4 47. Ne6+ Kg8 48. Qc8+ Kh7 49. Ng5+ Kg7 50. Qxa6 Qc4 51. Qa8 Nd6 52. a6 Qa2 53. Qc6 Nf5 54. Qd7 1-0

[Event "BL 2324 SK Doppelbauer Turm Kiel - OSG B"]
[Site "?"]
[Date "2023.10.21"]
[Round "1.4"]
[White "Meshkovs, Nikita"]
[Black "Vallejo Pons, Francisco"]
[Result "0-1"]
[WhiteElo "2526"]
[BlackElo "2680"]
[PlyCount "226"]
[EventDate "2023.??.??"]

1. d4 d5 2. Nf3 Nd7 3. Bf4 e6 4. e3 Ngf6 5. Nbd2 c5 6. c3 Be7 7. h3 O-O 8. a4 b6 9. Bd3 Bb7 10. Qb1 a6 11. O-O h6 12. Bh2 c4 13. Bc2 b5 14. b4 a5 15. bxa5 Rxa5 16. axb5 Qb6 17. Rxa5 Qxa5 18. Qa1 Ra8 19. Qxa5 Rxa5 20. Rb1 Ra2 21. Ne1 Ne8 22. b6 Nd6 23. Kf1 Ra6 24. Bd1 Ra3 25. Ke2 Kf8 26. Rb2 Ke8 27. Nb1 Ra6 28. Nc2 Rxb6 29. Rxb6 Nxb6 30. f3 Nb5 31. Kd2 Kd8 32. Ne1 Bc6 33. Bc2 Be8 34. g4 g5 35. Ng2 f6 36. h4 Kd7 37. Bg3 Bd6 38. Bxd6 Kxd6 39. hxg5 hxg5 40. f4 Bd7 41. fxg5 fxg5 42. Ne1 e5 43. Nf3 e4 44. Nxg5 Bxg4 45. Nxe4+ dxe4 46. Bxe4 Bh5 47. Bc2 Ke7 48. e4 Kf6 49. Ke3 Kg5 50. Nd2 Bg4 51. Nb1 Bh5 52. Nd2 Na3 53. Bb1 Kf6 54. Ba2 Bf7 55. Nf3 Bh5 56. Ne5 Bd1 57. Kd2 Bb3 58. Kc1 Na4 59. Nxc4 Bxc4 60. Bxc4 Nxc4 61. Kc2 Nab6 62. Kb3 Ke6 63. Kb4 Kd6 64. Kb5 Kc7 65. e5 Kd7 66. d5 Kc7 67. Kc5 Kd8 68. Kc6 Nd7 69. e6 Nde5+ 70. Kb7 Ke8 71. Kc7 Ke7 72. Kc8 Kd6 73. Kd8 Ng6 74. Ke8 Ne7 75. Kf7 Nxd5 76. e7 Nxe7 77. Kf6 Kd7 78. Kf7 Nd5 79. Kg6 Ke6 80. Kg5 Ke5 81. Kg6 Nc7 82. Kg5 Ne8 83. Kg6 Ned6 84. Kg5 Nf7+ 85. Kg4 Ke4 86. Kg3 Nfe5 87. Kf2 Kf4 88. Ke2 Kg3 89. Kd1 Nd3 90. Ke2 Nc5 91. Kf1 Kf3 92. Ke1 Nd3+ 93. Kd1 Kf2 94. Kc2 Nc5 95. Kd1 Kf1 96. Kc1 Ke1 97. Kc2 Ke2 98. Kc1 Nb3+ 99. Kc2 Nbd2 100. Kc1 Kd3 101. Kd1 Nf3 102. Kc1 Ne1 103. Kd1 Nc2 104. Kc1 N2e3 105. Kb1 Kd2 106. Ka1 Kc2 107. Ka2 Nd5 108. Ka1 Nf4 109. Ka2 Nd3 110. Ka1 Kb3 111. Kb1 Nd2+ 112. Ka1 Ne1 113. c4 Nc2# 0-1

[Event "BL 2324 SK Doppelbauer Turm Kiel - OSG B"]
[Site "?"]
[Date "2023.10.21"]
[Round "1.5"]
[White "Donchenko, Alexander"]
[Black "Thybo, Jesper Sondergaard"]
[Result "1-0"]
[WhiteElo "2676"]
[BlackElo "2539"]
[PlyCount "55"]
[EventDate "2023.??.??"]

1. d4 Nf6 2. c4 e6 3. Nc3 Bb4 4. e3 O-O 5. Bd3 c5 6. Nf3 Nc6 7. O-O Bxc3 8. bxc3 d6 9. e4 e5 10. h3 h6 11. Be3 b6 12. Qe2 Kh8 13. Rad1 Bd7 14. Bc2 Qe7 15. d5 Na5 16. Nd2 Rae8 17. f4 exf4 18. Bxf4 Bc8 19. Qd3 Rg8 20. Rde1 g6 21. Bxh6 Nd7 22. Qg3 f6 23. Bf4 Nb7 24. e5 dxe5 25. Bxg6 Rxg6 26. Qxg6 Nf8 27. Qh5+ Kg8 28. Re3 1-0

[Event "BL 2324 SK Doppelbauer Turm Kiel - OSG B"]
[Site "?"]
[Date "2023.10.21"]
[Round "1.6"]
[White "Ochsner, Bjorn Moller"]
[Black "Kasimdzhanov, Rustam"]
[Result "0-1"]
[WhiteElo "2537"]
[BlackElo "2673"]
[PlyCount "84"]
[EventDate "2023.??.??"]

1. e4 e5 2. Nf3 Nc6 3. Bb5 a6 4. Ba4 Nf6 5. O-O Be7 6. d3 b5 7. Bb3 O-O 8. Nc3 d6 9. a3 Na5 10. Ba2 Be6 11. b4 Bxa2 12. Rxa2 Nc6 13. Bg5 Nd7 14. Bd2 Nf6 15. Bg5 Nd7 16. Bd2 Nf6 17. Nd5 Nxd5 18. exd5 Nb8 19. a4 Nd7 20. c4 bxc4 21. dxc4 a5 22. bxa5 f5 23. Bc3 Bf6 24. Rb2 Nc5 25. Rb5 e4 26. Nd4 Qd7 27. Qc2 f4 28. f3 e3 29. Rfb1 Rae8 30. Ne2 Bxc3 31. Nxc3 Qe7 32. Ne2 Qf6 33. h3 g5 34. Rd1 g4 35. hxg4 Qh4 36. Nd4 Rf6 37. g5 Qxg5 38. Rxc5 dxc5 39. Ne6 Qe5 40. Qd3 Rh6 41. Qe4 Qb2 42. Rf1 Rg6 0-1

[Event "BL 2324 SK Doppelbauer Turm Kiel - OSG B"]
[Site "?"]
[Date "2023.10.21"]
[Round "1.7"]
[White "Adams, Michael"]
[Black "Fromm, Marius"]
[Result "1-0"]
[WhiteElo "2670"]
[BlackElo "2472"]
[PlyCount "70"]
[EventDate "2023.??.??"]

1. e4 e5 2. Nf3 Nc6 3. Bb5 a6 4. Ba4 Nf6 5. O-O d6 6. c3 Bd7 7. Re1 g6 8. d4 Bg7 9. h3 O-O 10. Bc2 Nh5 11. Be3 Qe8 12. Nbd2 Kh8 13. a4 f5 14. dxe5 f4 15. Bd4 dxe5 16. Bc5 Rf6 17. Qe2 Bf8 18. Bxf8 Rxf8 19. b4 g5 20. b5 axb5 21. axb5 Na5 22. Nxe5 Ng3 23. fxg3 Qxe5 24. gxf4 gxf4 25. Nf3 Qxc3 26. e5 Rae8 27. Kh1 b6 28. Rad1 Re7 29. Rd4 Bxb5 30. Qxb5 Qxc2 31. e6 Qg6 32. Rd7 Rfe8 33. Qe5+ Qg7 34. Qxc7 Qf6 35. Re4 Rxe6 1-0

[Event "BL 2324 SK Doppelbauer Turm Kiel - OSG B"]
[Site "?"]
[Date "2023.10.21"]
[Round "1.8"]
[White "Pajeken, Jakob Leon"]
[Black "Bacrot, Etienne"]
[Result "1/2-1/2"]
[WhiteElo "2416"]
[BlackElo "2669"]
[PlyCount "105"]
[EventDate "2023.??.??"]

1. e4 c5 2. Nf3 e6 3. d4 cxd4 4. Nxd4 Nc6 5. Nc3 Qc7 6. f4 Nxd4 7. Qxd4 b6 8. Bd3 Bb7 9. a3 Nf6 10. Qf2 a6 11. e5 Nd5 12. Nxd5 Bxd5 13. Be3 b5 14. O-O g6 15. a4 b4 16. a5 Be7 17. Bb6 Qb7 18. c4 bxc3 19. bxc3 O-O 20. Rab1 Qc8 21. c4 Bxc4 22. Rbc1 Bxd3 23. Rxc8 Raxc8 24. Rd1 Bb5 25. Qd2 Rc4 26. Rc1 Rfc8 27. Rxc4 Rxc4 28. h3 h5 29. Kh2 Re4 30. Qc1 Rc4 31. Qd2 h4 32. Bf2 Bc6 33. Be3 Ra4 34. Qb2 Kg7 35. Qd2 Kg8 36. Qb2 Kg7 37. Qd2 Bd5 38. f5 gxf5 39. Bg5 f6 40. exf6+ Bxf6 41. Bxf6+ Kxf6 42. Qh6+ Ke7 43. Qg7+ Kd6 44. Qf8+ Kc7 45. Qc5+ Bc6 46. Qb6+ Kd6 47. Qb8+ Ke7 48. Qb2 Kf7 49. Qh8 Ra2 50. Qh7+ Kf6 51. Qh8+ Kg6 52. Qg8+ Kh5 53. Qh8+ 1/2-1/2

[Event "BL 2324 Hamburger SK - SC Ötigheim"]
[Site "?"]
[Date "2023.10.21"]
[Round "1.1"]
[White "Motylev, Alexander"]
[Black "Svane, Rasmus"]
[Result "1/2-1/2"]
[WhiteElo "2602"]
[BlackElo "2646"]
[PlyCount "42"]
[EventDate "2023.??.??"]

1. e4 e5 2. Nf3 Nc6 3. Bc4 Nf6 4. d3 Bc5 5. Nc3 h6 6. O-O O-O 7. a4 d6 8. Be3 Bb6 9. Nd5 Nxd5 10. Bxd5 Ne7 11. Bb3 Ng6 12. a5 Bxe3 13. fxe3 Be6 14. Bxe6 fxe6 15. c3 Nh4 16. Qb3 Nxf3+ 17. Rxf3 Rxf3 18. gxf3 Qg5+ 19. Kf2 Qh4+ 20. Kg2 Qg5+ 21. Kf2 Qh4+ 1/2-1/2

[Event "BL 2324 Hamburger SK - SC Ötigheim"]
[Site "?"]
[Date "2023.10.21"]
[Round "1.2"]
[White "Svane, Frederik"]
[Black "Gharamian, Tigran"]
[Result "1-0"]
[WhiteElo "2626"]
[BlackElo "2593"]
[PlyCount "67"]
[EventDate "2023.??.??"]

1. e4 c6 2. d4 d5 3. Nd2 dxe4 4. Nxe4 Nd7 5. Bd3 Ndf6 6. Ng3 Qxd4 7. Nf3 Qd8 8. h3 g6 9. Qe2 Bg7 10. Bd2 Qc7 11. c4 Nh6 12. O-O O-O 13. Rae1 Re8 14. Bc3 Nd7 15. Qd2 f6 16. Ne4 Rd8 17. c5 Nf8 18. Qe3 Be6 19. Nd4 Bd5 20. f4 Qd7 21. Ng3 f5 22. Ndxf5 gxf5 23. Bxg7 Kxg7 24. Nh5+ Kf7 25. Qe5 Ne6 26. Bxf5 Rg8 27. Rf2 Raf8 28. Bxh7 Nxc5 29. f5 Rd8 30. Bg6+ Kf8 31. Qe3 Nf7 32. Qxc5 Qd6 33. Qe3 Rd7 34. Nf4 1-0

[Event "BL 2324 Hamburger SK - SC Ötigheim"]
[Site "?"]
[Date "2023.10.21"]
[Round "1.3"]
[White "Bauer, Christian"]
[Black "Kempinski, Robert"]
[Result "1/2-1/2"]
[WhiteElo "2552"]
[BlackElo "2554"]
[PlyCount "41"]
[EventDate "2023.??.??"]

1. d4 Nf6 2. Nf3 e6 3. Bf4 d5 4. e3 Bd6 5. Bg3 O-O 6. Nbd2 c5 7. dxc5 Bxc5 8. Bd3 Nc6 9. c3 Re8 10. b4 Bf8 11. b5 Nb8 12. O-O Nbd7 13. c4 e5 14. Be2 e4 15. Nd4 Ne5 16. cxd5 Qxd5 17. Qb3 Qxb3 18. axb3 Bc5 19. Ra4 Bd7 20. Nc2 Ng6 21. Rd1 1/2-1/2

[Event "BL 2324 Hamburger SK - SC Ötigheim"]
[Site "?"]
[Date "2023.10.21"]
[Round "1.4"]
[White "Papp, Gabor"]
[Black "Cornette, Matthieu"]
[Result "1/2-1/2"]
[WhiteElo "2530"]
[BlackElo "2581"]
[PlyCount "42"]
[EventDate "2023.??.??"]

1. d4 Nf6 2. Nf3 d5 3. c4 e6 4. g3 Be7 5. Bg2 O-O 6. O-O c6 7. Qc2 b6 8. b3 Nbd7 9. Rd1 Bb7 10. Nc3 Ba6 11. Bb2 b5 12. c5 b4 13. Na4 Bb5 14. a3 a5 15. axb4 axb4 16. Ne1 Qb8 17. Nd3 Bd8 18. Bc1 e5 19. dxe5 Nxe5 20. Bf4 Bc7 21. Nab2 Rxa1 1/2-1/2

[Event "BL 2324 Hamburger SK - SC Ötigheim"]
[Site "?"]
[Date "2023.10.21"]
[Round "1.5"]
[White "Laurent-Paoli, Pierre"]
[Black "Kramer, Julian"]
[Result "1-0"]
[WhiteElo "2533"]
[BlackElo "2480"]
[PlyCount "108"]
[EventDate "2023.??.??"]

1. e4 c5 2. Nf3 d6 3. d4 cxd4 4. Nxd4 Nf6 5. Nc3 Nc6 6. Bg5 e6 7. Qd2 a6 8. Nxc6 bxc6 9. O-O-O Be7 10. Bxf6 gxf6 11. Bc4 Bb7 12. Qe3 Qa5 13. Rd2 O-O-O 14. Rhd1 Kc7 15. Kb1 h5 16. f4 f5 17. exf5 Qxf5 18. Bd3 Qa5 19. Ne4 Qb6 20. Qe2 Kb8 21. Ng5 Bf6 22. c3 Rd7 23. Ka1 h4 24. Qg4 Qd8 25. Ne4 Be7 26. Ng5 Bf6 27. Ne4 Be7 28. Ng5 Qg8 29. Qe2 Bxg5 30. fxg5 Qxg5 31. Bxa6 d5 32. Rd4 Qh5 33. Qf1 c5 34. Ra4 Rhd8 35. Bxb7 Rxb7 36. Re1 Qg5 37. Qf2 c4 38. a3 Rg8 39. Rb1 Rc8 40. Ra6 Rcc7 41. g3 hxg3 42. hxg3 Rc8 43. Rf1 Qe7 44. g4 Qd7 45. Rb6 Rcc7 46. Rh1 Qe8 47. g5 Rxb6 48. Qxb6+ Rb7 49. Qd4 Qb5 50. Rh8+ Kc7 51. Qf2 Kc6 52. Rc8+ Kd6 53. Rd8+ Ke5 54. g6 fxg6 1-0

[Event "BL 2324 Hamburger SK - SC Ötigheim"]
[Site "?"]
[Date "2023.10.21"]
[Round "1.6"]
[White "Ftacnik, Lubomir"]
[Black "Grigoriants, Sergey"]
[Result "1/2-1/2"]
[WhiteElo "2451"]
[BlackElo "2562"]
[PlyCount "41"]
[EventDate "2023.??.??"]

1. Nf3 d5 2. d4 Nf6 3. c4 e6 4. Nc3 c5 5. cxd5 Nxd5 6. e4 Nxc3 7. bxc3 cxd4 8. cxd4 Bb4+ 9. Bd2 Bxd2+ 10. Qxd2 O-O 11. Bc4 Nd7 12. O-O b6 13. Rad1 Bb7 14. Rfe1 Re8 15. Bb3 Rc8 16. h3 Nf6 17. Qf4 Nh5 18. Qg4 Nf6 19. Qf4 Nh5 20. Qg4 Nf6 21. Qf4 1/2-1/2

[Event "BL 2324 Hamburger SK - SC Ötigheim"]
[Site "?"]
[Date "2023.10.21"]
[Round "1.7"]
[White "Georgiev, Kiril"]
[Black "Heinemann, Thies"]
[Result "1-0"]
[WhiteElo "2536"]
[BlackElo "2438"]
[PlyCount "89"]
[EventDate "2023.??.??"]

1. d4 Nf6 2. c4 e6 3. Nc3 Bb4 4. Qc2 c5 5. dxc5 O-O 6. a3 Bxc5 7. Nf3 b6 8. Bg5 Be7 9. e4 Bb7 10. Rd1 Ne8 11. Be3 d6 12. e5 Bxf3 13. gxf3 Nd7 14. f4 a6 15. Bg2 Rc8 16. Qa4 Nc5 17. Bxc5 Rxc5 18. Qxa6 Qc7 19. b4 Rxc4 20. Nb5 Qb8 21. exd6 Bxd6 22. Nxd6 Nxd6 23. Rxd6 Rc1+ 24. Rd1 Rxd1+ 25. Kxd1 Rd8+ 26. Kc2 Qxf4 27. Qe2 h5 28. Rd1 Rc8+ 29. Kb3 Qxh2 30. Be4 Qc7 31. Qc2 Qb8 32. Qd3 Qc7 33. Rd2 f5 34. Rc2 Qxc2+ 35. Qxc2 Rxc2 36. Bxc2 h4 37. Bd3 Kf7 38. a4 Ke7 39. f4 Kd6 40. Kc4 e5 41. fxe5+ Kxe5 42. a5 bxa5 43. bxa5 h3 44. Bf1 h2 45. Bg2 1-0

[Event "BL 2324 Hamburger SK - SC Ötigheim"]
[Site "?"]
[Date "2023.10.21"]
[Round "1.8"]
[White "Weihrauch, Jakob"]
[Black "Heinz, Timothee"]
[Result "1/2-1/2"]
[WhiteElo "2308"]
[BlackElo "2373"]
[PlyCount "54"]
[EventDate "2023.??.??"]

1. e4 e6 2. d4 d5 3. Nc3 Nf6 4. e5 Nfd7 5. f4 c5 6. Nf3 Nc6 7. Be3 cxd4 8. Nxd4 Qb6 9. Qd2 Qxb2 10. Rb1 Qa3 11. Bb5 Nxd4 12. Bxd4 a6 13. Bxd7+ Bxd7 14. Rxb7 Bb4 15. O-O Rc8 16. Nb1 Bxd2 17. Nxa3 Bc3 18. Bxc3 Rxc3 19. Rb8+ Bc8 20. Rfb1 Kd7 21. R8b3 Rc7 22. c4 Ke7 23. cxd5 exd5 24. Rd1 Rd8 25. Rd2 Bd7 26. Nc2 Ba4 27. Rb2 Bxc2 1/2-1/2

[Event "BL 2324 SC Heimbach-Weis-Neuwied - FC Ba"]
[Site "?"]
[Date "2023.10.21"]
[Round "1.1"]
[White "Tabatabaei, M. Amin"]
[Black "Livaic, Leon"]
[Result "1-0"]
[WhiteElo "2685"]
[BlackElo "2549"]
[PlyCount "71"]
[EventDate "2023.??.??"]

1. d4 Nf6 2. c4 e6 3. Nc3 d5 4. cxd5 exd5 5. Bg5 c6 6. e3 Nbd7 7. Bd3 Be7 8. h3 O-O 9. Nf3 Re8 10. Qc2 Nf8 11. O-O Nh5 12. Bxe7 Qxe7 13. Rab1 a5 14. Na4 Nf6 15. Ne5 N6d7 16. Nxd7 Bxd7 17. Nc5 Bc8 18. Rbe1 Qh4 19. e4 dxe4 20. Rxe4 Rxe4 21. Bxe4 Ne6 22. Re1 g6 23. d5 cxd5 24. Bxd5 Qb4 25. Nd3 Qd6 26. Qc4 b5 27. Qe4 Ra7 28. Ne5 Re7 29. Ng4 Kf8 30. Qc2 Nc7 31. Ne3 Qf6 32. Qc5 Kg8 33. Bf3 Qe5 34. Qxe5 Rxe5 35. Rc1 Re7 36. Nd5 1-0

[Event "BL 2324 SC Heimbach-Weis-Neuwied - FC Ba"]
[Site "?"]
[Date "2023.10.21"]
[Round "1.2"]
[White "Kraemer, Martin"]
[Black "Huschenbeth, Niclas"]
[Result "0-1"]
[WhiteElo "2579"]
[BlackElo "2605"]
[PlyCount "81"]
[EventDate "2023.??.??"]

1. e4 c5 2. Nf3 d6 3. d4 cxd4 4. Nxd4 Nf6 5. Nc3 Nc6 6. Bg5 e6 7. Qd2 a6 8. O-O-O Bd7 9. f4 Be7 10. Nf3 b5 11. Bxf6 gxf6 12. Kb1 Qa5 13. Bd3 Rc8 14. Rhe1 Nb4 15. Nd4 Nxd3 16. Qxd3 b4 17. Nce2 O-O 18. g4 Kh8 19. Ng3 Rg8 20. h3 Qc7 21. Nh5 Qc4 22. Qd2 a5 23. f5 e5 24. Nf3 a4 25. Re3 b3 26. axb3 axb3 27. cxb3 Qa6 28. Qd5 Rgf8 29. Rc3 Rxc3 30. bxc3 Bc6 31. Qd3 Qxd3+ 32. Rxd3 Bxe4 33. Kc2 Ra8 34. Ng3 Bxd3+ 35. Kxd3 d5 36. Nd2 Ra2 37. b4 e4+ 38. Ke3 d4+ 39. Kxd4 Rxd2+ 40. Kxe4 Bd6 41. Nf1 0-1

[Event "BL 2324 SC Heimbach-Weis-Neuwied - FC Ba"]
[Site "?"]
[Date "2023.10.21"]
[Round "1.3"]
[White "Idani, Pouya"]
[Black "Neugebauer, Martin"]
[Result "1/2-1/2"]
[WhiteElo "2633"]
[BlackElo "2529"]
[PlyCount "118"]
[EventDate "2023.??.??"]

1. e4 c5 2. Nf3 d6 3. d4 cxd4 4. Nxd4 Nf6 5. Nc3 a6 6. Be3 e5 7. Nb3 Be7 8. h3 Be6 9. Qf3 Nbd7 10. O-O-O Rc8 11. Nd5 Bxd5 12. exd5 Nb6 13. g4 Qc7 14. c3 Nc4 15. Bxc4 Qxc4 16. Kb1 O-O 17. g5 Qe4+ 18. Qxe4 Nxe4 19. Rhg1 f6 20. g6 hxg6 21. f3 Ng5 22. Bxg5 fxg5 23. Rd3 Rf4 24. Nd2 b5 25. Ne4 Kf7 26. Rg3 Ke8 27. b3 Kd7 28. Kc2 Rh8 29. c4 Rfh4 30. cxb5 axb5 31. b4 Kc7 32. Ra3 Kb6 33. Rc3 Rxh3 34. Rxh3 Rxh3 35. Rc6+ Kb7 36. Nc3 Rh4 37. Kb3 Rd4 38. Nxb5 Rxd5 39. Rc7+ Kb6 40. Kc4 Rd1 41. Rxe7 d5+ 42. Kb3 Kxb5 43. a4+ Ka6 44. Re6+ Kb7 45. Rxe5 Rd3+ 46. Kb2 Rxf3 47. Rxg5 Rf2+ 48. Kc3 d4+ 49. Kxd4 Rf4+ 50. Kc3 Rf3+ 51. Kd2 Rf4 52. Rb5+ Ka6 53. Kd3 g5 54. Kc3 Rf3+ 55. Kd4 Rf4+ 56. Ke5 g6 57. Kd6 Rf6+ 58. Kc7 Rf7+ 59. Kc6 Rf6+ 1/2-1/2

[Event "BL 2324 SC Heimbach-Weis-Neuwied - FC Ba"]
[Site "?"]
[Date "2023.10.21"]
[Round "1.4"]
[White "Krejci, Jan"]
[Black "Dragnev, Valentin"]
[Result "1/2-1/2"]
[WhiteElo "2517"]
[BlackElo "2586"]
[PlyCount "120"]
[EventDate "2023.??.??"]

1. d4 Nf6 2. c4 e6 3. Nc3 d5 4. cxd5 exd5 5. Bg5 c6 6. e3 Bf5 7. Qf3 Bg6 8. Bxf6 Qxf6 9. Qxf6 gxf6 10. Nf3 Nd7 11. Nh4 Bb4 12. a3 Bxc3+ 13. bxc3 b5 14. a4 bxa4 15. Rxa4 a5 16. Kd2 Nb6 17. Ra2 Kd7 18. Be2 a4 19. Rc1 Ra5 20. c4 dxc4 21. Nxg6 hxg6 22. h3 Rg5 23. Bf1 Kd6 24. g3 Rf5 25. f4 Rb5 26. Rac2 Rb4 27. Bxc4 Nxc4+ 28. Rxc4 Rxc4 29. Rxc4 Ra8 30. Rc2 a3 31. Ra2 c5 32. Kc3 cxd4+ 33. Kxd4 Ra4+ 34. Kc3 Kd5 35. Kd3 Kc5 36. Kc3 Kd5 37. Kd3 Ra7 38. f5 Ke5 39. fxg6 fxg6 40. e4 Ra4 41. h4 Kd6 42. g4 Kc5 43. h5 gxh5 44. gxh5 Kb4 45. Kc2 Ra5 46. Kb1 Rxh5 47. Rf2 Rh6 48. Rf5 Kb3 49. Rf3+ Kc4 50. Rxa3 Kd4 51. Ra4+ Ke3 52. Kc2 Rh2+ 53. Kd1 Rh1+ 54. Kc2 Rf1 55. Ra3+ Kxe4 56. Kd2 Rf2+ 57. Ke1 Rf3 58. Ra6 f5 59. Ke2 Kf4 60. Ra8 Rb3 1/2-1/2

[Event "BL 2324 SC Heimbach-Weis-Neuwied - FC Ba"]
[Site "?"]
[Date "2023.10.21"]
[Round "1.5"]
[White "Alonso Rosell, Alvar"]
[Black "Polak, Tomas"]
[Result "1/2-1/2"]
[WhiteElo "2574"]
[BlackElo "2518"]
[PlyCount "116"]
[EventDate "2023.??.??"]

1. d4 Nf6 2. c4 e6 3. Nf3 Bb4+ 4. Nbd2 O-O 5. a3 Be7 6. e4 d6 7. Be2 Nfd7 8. b4 e5 9. d5 a5 10. Bb2 axb4 11. axb4 Rxa1 12. Qxa1 c5 13. b5 Nf6 14. Qa7 Nbd7 15. O-O Nh5 16. g3 g6 17. Ne1 Ng7 18. Nd3 Bg5 19. f4 Bh6 20. Bc3 f6 21. Kh1 Qe7 22. Qa1 Nb6 23. Qa5 Nd7 24. Qc7 Re8 25. fxe5 Nxe5 26. Qxe7 Rxe7 27. Nxe5 fxe5 28. Ra1 Bh3 29. Nf3 Rf7 30. Ra8+ Rf8 31. Ra7 Bf1 32. Ng1 Be3 33. Ra1 Bxe2 34. Nxe2 Rf2 35. Ng1 Nh5 36. Re1 Bh6 37. Ba5 Kf7 38. Bd8 Rc2 39. Rf1+ Ke8 40. Bc7 Ke7 41. Ra1 Kd7 42. b6 Rc1 43. Rxc1 Bxc1 44. Kg2 Nf6 45. Kf3 h5 46. h3 Bd2 47. Ke2 Ba5 48. Ke3 Be1 49. Kf3 Ne8 50. Kg2 Ba5 51. Nf3 Ke7 52. Nh4 Kf7 53. Bd8 Nf6 54. Bxf6 Kxf6 55. Kf2 Bxb6 56. Ke2 Kf7 57. Kd3 Bd8 58. Nf3 Ke8 1/2-1/2

[Event "BL 2324 SC Heimbach-Weis-Neuwied - FC Ba"]
[Site "?"]
[Date "2023.10.21"]
[Round "1.6"]
[White "Kraus, Tomas"]
[Black "Georgiadis, Nico"]
[Result "0-1"]
[WhiteElo "2491"]
[BlackElo "2563"]
[PlyCount "76"]
[EventDate "2023.??.??"]

1. e4 c5 2. Nf3 d6 3. Bb5+ Nd7 4. O-O a6 5. Bd3 Ngf6 6. c3 b5 7. a4 Bb7 8. axb5 axb5 9. Rxa8 Qxa8 10. Bxb5 Bxe4 11. d4 Bxb1 12. dxc5 Be4 13. Re1 e6 14. Rxe4 Qxe4 15. c6 Be7 16. Nd2 Qe5 17. cxd7+ Kf8 18. c4 h6 19. Nf3 Qc5 20. Bf4 Qc7 21. Qa4 g6 22. Bd2 Kg7 23. Ba5 Qb7 24. b4 Bd8 25. Bc6 Qb8 26. Qb5 Qa7 27. h3 Bxa5 28. bxa5 Rb8 29. Qa4 Rd8 30. c5 Nxd7 31. cxd6 Nb8 32. Nd4 Qc5 33. a6 Qxd6 34. Bb7 Nxa6 35. Nxe6+ Qxe6 36. Qxa6 Rd1+ 37. Kh2 Qe5+ 38. g3 Qe1 0-1

[Event "BL 2324 SC Heimbach-Weis-Neuwied - FC Ba"]
[Site "?"]
[Date "2023.10.21"]
[Round "1.7"]
[White "Bogner, Sebastian"]
[Black "Ferreira, Jorge Viterbo"]
[Result "1/2-1/2"]
[WhiteElo "2536"]
[BlackElo "2525"]
[PlyCount "47"]
[EventDate "2023.??.??"]

1. d4 Nf6 2. c4 e6 3. Nf3 b6 4. a3 Bb7 5. Nc3 Ne4 6. Nxe4 Bxe4 7. Bf4 d6 8. e3 Nd7 9. Bd3 Bxd3 10. Qxd3 Be7 11. O-O O-O 12. e4 e5 13. Be3 exd4 14. Nxd4 Bf6 15. Rad1 Nc5 16. Qc2 Re8 17. f3 a5 18. b4 axb4 19. axb4 Bxd4 20. Rxd4 Ne6 21. Rd5 Qf6 22. c5 dxc5 23. bxc5 c6 24. e5 1/2-1/2